Statistiques concernant Album par rappeur

Cliquez ici pour prendre le quiz!

Statistiques générales

  • Ce quiz a été pris 223 fois
  • Le résultat moyen est 16 sur 25

Statistiques - réponses

HintRéponse% Correct
NekfeuFeu, Cyborg, Les Etoiles Vagabondes
94%
DamsoBatterie Faible, Ipséité, Lithopédion, QALF
92%
NinhoComme Prévu, Destin, JEFE, NI
91%
PNLLe Monde Chico, Dans la Légende, Deux Frères
89%
KaarisOr Noir, Le Bruit de mon Ame, Okou Gnakouri, Dozo, Or Noir 3, 2.7.0
88%
ValdAgartha, XEU, Ce Monde est Cruel, V
82%
BoobaTemps Mort, Panthéon, Ouest Side, 0.9, Lunatic, Futur, D.U.C, Nero Nemesis, Trône, Ultra
79%
LaylowTrinity, L'Etrange Histoire de Mr Anderson
78%
OrelSanPerdu d'Avance, Le Chant des Sirènes, La Fête est Finie, Civilisation
77%
Freeze CorleoneProjet Blue Beam, LMF, ADC
77%
NiskaZifukoro, Commando, Mr Sal
76%
PLKPolak, Enna
75%
SCHAnarchie, Deo Favente, JVLIVS : Tome 1, Rooftop, JVLIVS : Tome 2
71%
Alpha WannUne Main Lave l'Autre
71%
DinosImany, Taciturne, Stamina, Memento, Hiver à Paris
65%
IAMDe la Planète Mars, Ombre est Lumière, L'Ecole du Micro d'Argent, Revoir un Printemps, Saison 5, Arts Martiens, IAM, Rêvolution, Yasuke, Rimes Essentielles
62%
Bigflo & OliLa Cour des Grands, La Vraie Vie, La Vie de Rêve, Les Autres c'est Nous
56%
ZiakAkimbo, Chrome
54%
Koba LaDVII, L'Affranchi, Détail
50%
Suprême NTMAuthentik, 1993... J'appuie sur la gâchette, Paris sous les Bombes, Suprême NTM
42%
DiamsPremier Mandat, Brut de Femme, Dans ma Bulle, SOS, Salam
42%
LorenzoEmpereur du Sale, Rien à Branler, Sex in the City, Légende Vivante
40%
YoussouphaA chaque frère, Sur les chemins du retour, Noir D****, NGRTD, Polaroïd Experience, Neptune Terminus
10%
LinoParadis assassiné, Radio Bitume, Requiem
8%
Kery JamesSi c'était à refaire, Ma vérité, A l'ombre du show buisness, Réel, Dernier MC, Mouhammad Alix, J'rap encore
6%

Distribution des résultats

Percentile par nombre de réponses

% des personnes avec chaque résultat

Votre développement - résultats

Vous n’avez pas pris ce quiz